| 000 | 00895nam a22002537a 4500 | ||
|---|---|---|---|
| 001 | 1424 | ||
| 003 | CO-MdFUSB | ||
| 005 | 20180622072711.0 | ||
| 008 | 170302t1986 sp ||||| |||| 00| 0 s d | ||
| 020 | _a84-7057-387-X | ||
| 040 |
_aCO-MdFUSB _bspa _cCO-MdFUSB _dCO-MdFUSBC _erda |
||
| 041 | 0 | _aspa | |
| 082 | 0 | 4 | _aG 200.1 F812s |
| 100 | 1 |
_aFraijo, Manuel _eautor |
|
| 245 | 1 | 0 |
_aEl sentido de la historia. _b: Introducción al pensamiento de W. Pannenberg _c / Manuel Fraijó |
| 264 |
_aHuesca, Madrid, España : _b Cristiandad, _c1986 |
||
| 300 |
_a328 Pag. _b: _c; |
||
| 336 |
_2rdacontent _atexto _btxt |
||
| 337 |
_2rdamedia _asin mediación _bn |
||
| 338 |
_2rdacarrier _avolumen _bnc |
||
| 505 | 0 | 0 | _a¿quién es Wolfthart Pannenberg? -- teología y filosofía en el pensamiento de Pannenberg -- historia y sentido -- apuntes críticos |
| 653 | _aFilosofía de la historia | ||
| 942 | _cBK | ||
| 999 |
_c32747 _d32747 |
||